00459 2200181 4500001002100000005001500021035002000036007000300056008004100059020002200100082001000122084002000132100002300152245003600175260003400211300001600245990001600261INLIS00000000000068720210614104335 a0010-0621000152ta210614 g 0 ind  a978-602-8634-10-6 a925.4 a925.4 ALA m c.10 aKamaludin Alamsyah1 aMengenal Tokoh-Tokoh Ilmu Kimia aBandung :bArfino Raya,c2007 a50 ;c21 cm a2007/p/0025